000 01221nam a22002897a 4500
001 7817
003 FISKH
005 20250811115144.0
008 250811b cb ||||| |||| 00| 0 eng d
040 _aFISKH
_beng
_cFISKH
_dFISKH
050 _aPZ7
082 _a823.92
100 _aDickins, Rosie
245 _aThe runaway princess /
_cRetold by Rosie Dickins ; Illustrated by Elodie Coudray
250 _aThis edition first published in 2013
260 _aLondon :
_bUsborne,
_c2013
300 _a48 pages :
_bcolor illustrations ;
_c20 cm
505 _aN
520 _aA princess runs away to avoid marriage, taking three of her favourite gowns with her. She works hard, herding geese in a tatty donkeyskin cloak, but when she thinks no one is looking, she tries on one of her beautiful gowns. She is spotted by a prince who falls in love with her at first sight, but she runs away. How will he find her? And what will he think when he finds out that she's just a goose girl?
521 8 _a570
_bLexile
521 8 _aN
_bRaz-Plus
650 _2Illustrations
_aFairy tales
650 _2Juvenile fiction
_aPrincess
700 _aCoudray, Elodie
_dillustrator
942 _2ddc
_cBK
_n0
999 _c7817
_d7817